[Event "4NCL Online Division 7"]
[Site "online"]
[Date "2021.01.26"]
[Round "1.121"]
[White "Cox, Lucian"]
[Black "O'Gorman, Alice"]
[Result "0-1"]
[WhiteElo "1469"]
[BlackElo "1916"]
[PlyCount "136"]
[EventDate "2021.01.26"]
[WhiteTeam "MK Phoenix 5"]
[BlackTeam "RCSI Team 1"]

1. e4 e5 2. f4 d5 3. exd5 e4 4. Nc3 Nf6 5. d3 exd3 6. Bxd3 Nxd5 7. Nxd5 Qxd5 8.
Nf3 Qe6+ 9. Qe2 Bc5 10. Qxe6+ Bxe6 11. Ng5 Bd5 12. Be4 Bc6 13. Bd2 O-O 14.
Bxh7+ Kh8 15. Be4 Bxe4 16. Nxe4 Re8 17. O-O-O Rxe4 18. Rhe1 Rxe1 19. Rxe1 Nc6
20. Bc3 Kg8 21. g3 Bb4 22. Bxb4 Nxb4 23. a3 Nc6 24. Rd1 Rd8 25. Re1 Kf8 26. c3
Kg8 27. b4 Rd7 28. Kc2 Kh7 29. c4 Kg6 30. c5 a5 31. Kc3 axb4+ 32. axb4 Nd4 33.
Re3 Nb5+ 34. Kb3 f5 35. Kc4 c6 36. Kb3 Kf6 37. Kc4 Rd2 38. h3 Rc2+ 39. Kb3 Rf2
40. Kc4 Nc7 41. Rd3 Nd5 42. Rb3 Re2 43. Kd4 Re4+ 44. Kd3 Rxb4 45. Rxb4 Nxb4+
46. Kc4 Nd5 47. Kd4 Ke6 48. g4 Nxf4 49. gxf5+ Kxf5 50. h4 Kg4 51. Ke5 Kxh4 52.
Kxf4 g5+ 53. Ke5 g4 54. Kd6 g3 55. Kc7 g2 56. Kxb7 g1=Q 57. Kxc6 Qg6+ 58. Kb7
Qb1+ 59. Kc8 Qc2 60. c6 Qxc6+ 61. Kb8 Qd7 62. Ka8 Kg5 63. Kb8 Kf5 64. Ka8 Ke5
65. Kb8 Kd5 66. Ka8 Kc5 67. Kb8 Kb6 68. Ka8 Qd8# 0-1

[Event "4NCL Online Division 7"]
[Site "online"]
[Date "2021.01.26"]
[Round "1.122"]
[White "Singh, Mahendra"]
[Black "Cox, David"]
[Result "1-0"]
[WhiteElo "1872"]
[BlackElo "1252"]
[PlyCount "73"]
[EventDate "2021.01.26"]
[WhiteTeam "RCSI Team 1"]
[BlackTeam "MK Phoenix 5"]

1. Nf3 Nf6 2. d3 g6 3. g3 Bg7 4. Bg2 O-O 5. Nc3 d5 6. O-O d4 7. Ne4 Nd5 8. Re1
Nd7 9. Ned2 c5 10. Nf1 Rb8 11. e4 dxe3 12. Nxe3 Nxe3 13. Rxe3 b5 14. c3 a5 15.
d4 e6 16. Re1 b4 17. Bf4 Rb6 18. dxc5 Nxc5 19. Qxd8 Rxd8 20. Bc7 Rbd6 21. Bxd8
Rxd8 22. cxb4 axb4 23. Red1 Re8 24. Nd4 Na6 25. Rac1 f5 26. b3 Kf7 27. Nb5 Kf6
28. Nd6 Bd7 29. Nxe8+ Bxe8 30. Rc8 Bb5 31. Bb7 h5 32. Rd6 Ke5 33. Rb6 Bd7 34.
Bxa6 Bxc8 35. Bxc8 Ke4 36. Rxe6+ Kf3 37. Rxg6 1-0

[Event "4NCL Online Division 7"]
[Site "online"]
[Date "2021.01.26"]
[Round "1.123"]
[White "Wayne, Steven"]
[Black "Adolph Majeremane"]
[Result "0-1"]
[WhiteElo "1205"]
[BlackElo "1717"]
[PlyCount "38"]
[EventDate "2021.01.26"]
[WhiteTeam "MK Phoenix 5"]
[BlackTeam "RCSI Team 1"]

1. c4 c6 2. Nc3 Nf6 3. g3 e6 4. Bg2 d5 5. d4 Bb4 6. Qc2 dxc4 7. Nf3 Nd5 8. O-O
O-O 9. a3 Bxc3 10. bxc3 Qa5 11. Bd2 f5 12. Ne5 Nd7 13. Nxc4 Qc7 14. Bf4 Nxf4
15. gxf4 Qxf4 16. e3 Qc7 17. Qb3 b6 18. Ne5 Nxe5 19. Qxe6+ Bxe6 0-1

[Event "4NCL Online Division 7"]
[Site "online"]
[Date "2021.01.26"]
[Round "1.124"]
[White "Snip, Peyton"]
[Black "Cutler, Matthew"]
[Result "1-0"]
[WhiteElo "1678"]
[BlackElo "1015"]
[PlyCount "35"]
[EventDate "2021.01.26"]
[WhiteTeam "RCSI Team 1"]
[BlackTeam "MK Phoenix 5"]

1. e4 e5 2. Nf3 Nc6 3. Bc4 Bc5 4. b4 Nxb4 5. c3 Nc6 6. d4 exd4 7. cxd4 Bb4+ 8.
Nbd2 d6 9. Qb3 Qe7 10. O-O Nf6 11. e5 Bxd2 12. exf6 Qxf6 13. Bxd2 O-O 14. Bc3
Qe7 15. Rfe1 Qd7 16. Ng5 Qf5 17. Nxf7 Rxf7 18. Re8# 1-0

[Event "4NCL Online Division 7"]
[Site "online"]
[Date "2021.01.26"]
[Round "1.131"]
[White "Evans, Christopher J"]
[Black "Smith, Bob"]
[Result "1-0"]
[WhiteElo "1820"]
[BlackElo "1422"]
[PlyCount "107"]
[EventDate "2021.01.26"]
[WhiteTeam "Oxford 4"]
[BlackTeam "East Kilbride Rovers"]

1. e4 d5 2. e5 c5 3. c3 Nc6 4. d4 Bf5 5. g4 Be4 6. f3 Bg6 7. h4 h6 8. e6 fxe6
9. Bd3 Bf7 10. dxc5 Qc7 11. Ne2 e5 12. b4 a6 13. Be3 Nf6 14. a4 e4 15. fxe4
dxe4 16. Bc2 Nxg4 17. Rh3 e5 18. Nd2 Be7 19. Bxe4 Nxe3 20. Rxe3 Bxh4+ 21. Ng3
O-O 22. Qg4 Qe7 23. O-O-O Qg5 24. Qxg5 Bxg5 25. Rf3 Rad8 26. Nf5 Bh5 27. Kc2
Rxd2+ 28. Rxd2 Bxf3 29. Bxf3 Rxf5 30. Rd3 h5 31. b5 axb5 32. axb5 Na5 33. Bxh5
Rf2+ 34. Kd1 e4 35. Rd7 e3 36. Be2 Nc4 37. Bxc4+ Kh7 38. Bd3+ Kh6 39. Be2 Rf6
40. Rxb7 Bf4 41. Rb6 Kg5 42. Rxf6 Kxf6 43. c6 Ke6 44. Kc2 Kd6 45. Kd3 Kc5 46.
c4 g5 47. Ke4 Kd6 48. Kd4 Kc7 49. c5 Kc8 50. b6 Kb8 51. Kd5 Kc8 52. Ke6 Kd8 53.
c7+ Kc8 54. Ba6# 1-0

[Event "4NCL Online Division 7"]
[Site "online"]
[Date "2021.01.26"]
[Round "1.132"]
[White "Nagar, Nikunj"]
[Black "Cole, Graham"]
[Result "0-1"]
[WhiteElo "653"]
[BlackElo "1802"]
[PlyCount "116"]
[EventDate "2021.01.26"]
[WhiteTeam "East Kilbride Rovers"]
[BlackTeam "Oxford 4"]

1. e4 c5 2. Nf3 d6 3. d4 cxd4 4. Nxd4 Nf6 5. Nc3 g6 6. Bc4 Bg7 7. Be3 O-O 8.
Qd2 Nc6 9. Nf3 a6 10. O-O b5 11. Bd5 Bb7 12. Rad1 Qc7 13. a3 Rac8 14. Nd4 Ne5
15. Bxb7 Qxb7 16. f3 Nc4 17. Qc1 Nxa3 18. bxa3 Rxc3 19. Rd3 Rfc8 20. Qd2 Qc7
21. Rc1 Rxd3 22. Qxd3 Qc3 23. Qd2 Qxd2 24. Bxd2 Nxe4 25. fxe4 Bxd4+ 26. Kf1 Bb2
27. Re1 Rxc2 28. Bb4 Bc3 29. Bxc3 Rxc3 30. Ra1 Re3 31. a4 Rxe4 32. axb5 axb5
33. Rb1 b4 34. Kf2 Kg7 35. Kf3 d5 36. Rb2 Kf6 37. Rd2 e6 38. g3 b3 39. Rb2 Rb4
40. Ke3 e5 41. Kd3 Ke6 42. Kc3 Rb8 43. h3 f5 44. h4 h6 45. Rd2 b2 46. Rxb2 Rxb2
47. Kxb2 d4 48. Kc2 Kd5 49. Kd3 e4+ 50. Ke2 g5 51. h5 f4 52. g4 f3+ 53. Kf2 Kc4
54. Ke1 e3 55. Kd1 d3 56. Ke1 Kc3 57. Kd1 f2 58. Kc1 f1=Q# 0-1

[Event "4NCL Online Division 7"]
[Site "online"]
[Date "2021.01.26"]
[Round "1.133"]
[White "Rogan, Killian"]
[Black "Pardeshi, Prachi"]
[Result "1-0"]
[WhiteElo "1802"]
[BlackElo "523"]
[PlyCount "103"]
[EventDate "2021.01.26"]
[WhiteTeam "Oxford 4"]
[BlackTeam "East Kilbride Rovers"]

1. e4 e5 2. Nf3 Nc6 3. Bb5 d6 4. O-O Bg4 5. c3 Nf6 6. Re1 d5 7. exd5 Qxd5 8.
Bxc6+ bxc6 9. d4 Bd6 10. dxe5 Qxd1 11. Rxd1 Bxf3 12. gxf3 Bxe5 13. Re1 Nd7 14.
f4 f6 15. fxe5 fxe5 16. Nd2 O-O 17. Ne4 Rae8 18. Be3 a5 19. Rad1 Nb6 20. b3 Nd5
21. Bc5 Rf3 22. c4 Nf4 23. Be3 Re7 24. Rd8+ Kf7 25. Ng5+ Kf6 26. Nxf3 Nh3+ 27.
Kg2 Nf4+ 28. Bxf4 exf4 29. Rxe7 Kxe7 30. Ra8 h6 31. Rxa5 Ke6 32. Kh3 g5 33.
Nxg5+ hxg5 34. Rxg5 Kf6 35. Rc5 Ke6 36. b4 Kd6 37. a4 f3 38. a5 Kd7 39. a6 Kc8
40. Rxc6 Kb8 41. b5 Kc8 42. Kg3 Kb8 43. h4 Kc8 44. h5 Kb8 45. h6 Kc8 46. h7 Kd7
47. h8=Q Ke7 48. Qf6+ Kd7 49. Qe6+ Kd8 50. Rd6+ cxd6 51. a7 Kc7 52. a8=Q 1-0

[Event "4NCL Online Division 7"]
[Site "online"]
[Date "2021.01.26"]
[Round "1.134"]
[White "Roul, Tushar"]
[Black "Hameed, Asif"]
[Result "1/2-1/2"]
[WhiteElo "392"]
[BlackElo "1773"]
[PlyCount "122"]
[EventDate "2021.01.26"]
[WhiteTeam "East Kilbride Rovers"]
[BlackTeam "Oxford 4"]

1. e4 c5 2. Nf3 Nc6 3. c4 Nd4 4. Nc3 d6 5. d3 Bg4 6. Be2 Nxe2 7. Qxe2 Nf6 8.
Bg5 Qb6 9. b3 Nd7 10. O-O Ne5 11. Nd5 Qc6 12. Nxe5 Qxd5 13. exd5 Bxe2 14. Rfe1
dxe5 15. Rxe2 O-O-O 16. Be3 e6 17. dxe6 Rxd3 18. exf7 Kd7 19. Rd2 Rxd2 20. Bxd2
Ke6 21. Bc3 Bd6 22. Re1 Rf8 23. f4 Rxf7 24. Bxe5 Bxe5 25. Rxe5+ Kd6 26. Rd5+
Kc6 27. g3 b6 28. Kf2 b5 29. Rd2 bxc4 30. bxc4 Rb7 31. Ke3 a5 32. Kd3 a4 33.
Rc2 Kd6 34. a3 Ke6 35. Re2+ Kf6 36. Rc2 Kf5 37. h3 g5 38. fxg5 Kxg5 39. Ke4 Rb3
40. Kd5 Rxa3 41. Kxc5 Rxg3 42. Kb4 a3 43. Rc3 Rxc3 44. Kxc3 Kf5 45. Kb3 Ke5 46.
Kxa3 Kd6 47. Kb3 Kc5 48. Kc3 h5 49. Kd3 h4 50. Ke4 Kxc4 51. Kf4 Kd5 52. Kg4 Ke6
53. Kxh4 Kf5 54. Kh5 Kf6 55. Kh6 Kf5 56. h4 Kf6 57. Kh7 Kf7 58. h5 Kf6 59. h6
Kf7 60. Kh8 Kf8 61. h7 Kf7 1/2-1/2

[Event "4NCL Online Division 7"]
[Site "online"]
[Date "2021.01.26"]
[Round "1.141"]
[White "Humeniuk, Michael"]
[Black "White, John"]
[Result "0-1"]
[WhiteElo "1496"]
[BlackElo "1779"]
[PlyCount "78"]
[EventDate "2021.01.26"]
[WhiteTeam "Hertford 4"]
[BlackTeam "Celtic Tigers Cubs"]

1. e4 c5 2. f4 d5 3. e5 e6 4. Nf3 a6 5. Be2 Nc6 6. O-O Qb6 7. Kh1 Nge7 8. d3
Nf5 9. c4 dxc4 10. dxc4 Nfd4 11. Bd3 Bd7 12. Nxd4 Nxd4 13. b3 O-O-O 14. Qe1 Bc6
15. Qg3 Be7 16. Bb2 Nxb3 17. axb3 Qxb3 18. Bc3 Rxd3 19. Qxd3 Rd8 20. Ra3 Rxd3
21. Rxb3 b5 22. cxb5 axb5 23. Rb2 b4 24. Bd2 Bd5 25. Re1 Kb7 26. Re3 Rxe3 27.
Bxe3 Ka6 28. Bd2 Ka5 29. Kg1 c4 30. Ra2+ Kb5 31. Ra7 Bc5+ 32. Kf1 Bxa7 33. Be1
Bd4 34. Bf2 Bxf2 35. Kxf2 c3 36. Ke3 Kc4 37. g3 c2 38. Nd2+ Kc3 39. Ne4+ Bxe4
0-1

[Event "4NCL Online Division 7"]
[Site "online"]
[Date "2021.01.26"]
[Round "1.142"]
[White "Cranston, Adam"]
[Black "Gregory, Gerald"]
[Result "1-0"]
[WhiteElo "1770"]
[BlackElo "1417"]
[PlyCount "73"]
[EventDate "2021.01.26"]
[WhiteTeam "Celtic Tigers Cubs"]
[BlackTeam "Hertford 4"]

1. e4 c5 2. Nf3 d6 3. d4 cxd4 4. Nxd4 Nf6 5. Nc3 g6 6. f4 Nbd7 7. Bb5 a6 8. Ba4
b5 9. Bb3 Bg7 10. Be3 Bb7 11. Bd5 Nxd5 12. exd5 b4 13. Nc6 Qc7 14. Bd4 Nf6 15.
Nxb4 Qc4 16. Nc6 Bxc6 17. dxc6 O-O 18. Qd3 Qxc6 19. O-O Rab8 20. Rae1 e6 21. b3
Rfc8 22. Re2 Rb4 23. Na4 a5 24. c4 d5 25. Bc3 Rxa4 26. bxa4 Qxc4 27. Qxc4 Rxc4
28. Bxa5 Rxa4 29. Bc7 Ne4 30. Rc2 f5 31. Be5 Bf8 32. Rc8 Rxa2 33. h3 Kf7 34.
Rb1 Ra7 35. Rbb8 Be7 36. Rh8 h5 37. Rh7# 1-0

[Event "4NCL Online Division 7"]
[Site "online"]
[Date "2021.01.26"]
[Round "1.143"]
[White "Hurley, James"]
[Black "Kwabiah, C Kenneth"]
[Result "0-1"]
[WhiteElo "1323"]
[BlackElo "1518"]
[PlyCount "116"]
[EventDate "2021.01.26"]
[WhiteTeam "Hertford 4"]
[BlackTeam "Celtic Tigers Cubs"]

1. e4 c5 2. Nf3 e6 3. d3 Nc6 4. Be2 d5 5. exd5 exd5 6. h3 Nf6 7. O-O Be7 8. c3
O-O 9. Bg5 Qc7 10. Bh4 Re8 11. Bg3 Bd6 12. Bxd6 Qxd6 13. d4 c4 14. Re1 Bf5 15.
Nbd2 Ne4 16. Nxe4 Bxe4 17. Ng5 Bf5 18. Bg4 Rxe1+ 19. Qxe1 Bxg4 20. hxg4 h6 21.
Nf3 Qd7 22. Nh2 Re8 23. Qd2 Qe6 24. Nf3 Qxg4 25. Re1 Re4 26. Ne5 Nxe5 27. dxe5
Rxe1+ 28. Qxe1 Kf8 29. Qe3 b6 30. f3 Qe6 31. f4 f6 32. Qf3 Ke7 33. exf6+ Kxf6
34. g4 Qe1+ 35. Kg2 Qe4 36. Qxe4 dxe4 37. Kf2 g5 38. Ke3 gxf4+ 39. Kxf4 e3 40.
Kxe3 Kg5 41. Kf3 b5 42. b3 cxb3 43. axb3 a5 44. c4 bxc4 45. bxc4 a4 46. c5 Kf6
47. Ke3 a3 48. Kd2 a2 49. c6 a1=Q 50. c7 Qa6 51. g5+ hxg5 52. Ke1 Qc6 53. Kf2
Qxc7 54. Kg2 Qc3 55. Kh2 Kf5 56. Kg2 Kf4 57. Kh2 Kf3 58. Kh3 Qh8# 0-1

[Event "4NCL Online Division 7"]
[Site "online"]
[Date "2021.01.26"]
[Round "1.144"]
[White "Osseiran, Nadim"]
[Black "Berkhout, Theo"]
[Result "1/2-1/2"]
[WhiteElo "1113"]
[BlackElo "1077"]
[PlyCount "96"]
[EventDate "2021.01.26"]
[WhiteTeam "Celtic Tigers Cubs"]
[BlackTeam "Hertford 4"]

1. e4 c5 2. Nf3 Nc6 3. Bb5 Nf6 4. Bxc6 bxc6 5. d3 Ba6 6. O-O g6 7. Re1 Bg7 8.
Nbd2 d6 9. h3 O-O 10. b3 Nd7 11. Rb1 e6 12. Bb2 Ne5 13. Nxe5 dxe5 14. Nf3 Qc7
15. Qd2 f6 16. Ba3 f5 17. Ng5 Qe7 18. Nf3 f4 19. Qa5 Qb7 20. Qxc5 Qb5 21. Qxb5
Bxb5 22. Bxf8 Rxf8 23. Nd2 Rd8 24. a4 Ba6 25. f3 Bf8 26. Nc4 Bg7 27. a5 Rd4 28.
Ra1 Rd8 29. Nb2 Kf7 30. Na4 Bf8 31. Nb2 Kf6 32. Na4 Bb4 33. Nb2 Bc3 34. Rab1
Bxe1 35. Rxe1 Rb8 36. Na4 Rb5 37. Nb6 Rxa5 38. Nc4 Rc5 39. Ra1 Bxc4 40. bxc4 a5
41. h4 h5 42. Kh2 g5 43. hxg5+ Kxg5 44. Kh3 h4 45. Ra2 Kh5 46. Ra1 Kg5 47. Ra2
Kh5 48. Ra1 Kg5 1/2-1/2

[Event "4NCL Online Division 7"]
[Site "online"]
[Date "2021.01.26"]
[Round "1.151"]
[White "Badacsonyi, Frankie"]
[Black "Warren, Archie"]
[Result "1-0"]
[WhiteElo "1675"]
[BlackElo "1367"]
[PlyCount "81"]
[EventDate "2021.01.26"]
[WhiteTeam "MHJ Bishops"]
[BlackTeam "Farnham C"]

1. d4 Nf6 2. Bg5 e6 3. Nd2 Be7 4. e3 h6 5. Bh4 O-O 6. Bd3 d5 7. c3 Nc6 8. f4
Bd7 9. Ngf3 Ng4 10. Bxe7 Qxe7 11. Qe2 Rfe8 12. O-O a6 13. h3 Nf6 14. Ne5 Qd6
15. Ndf3 Ne4 16. Qe1 Nxe5 17. fxe5 Qe7 18. Bxe4 dxe4 19. Nd2 Bc6 20. Rf4 Qg5
21. Rg4 Qf5 22. Qg3 Qh7 23. Rf1 Re7 24. h4 b5 25. h5 Rf8 26. Rff4 Kh8 27. Nxe4
Bxe4 28. Rxe4 c6 29. Kh2 Rg8 30. a3 a5 31. Ref4 a4 32. Qf3 Qc2 33. Qf2 Qb3 34.
Rg3 Rf8 35. Rgf3 Qd1 36. g4 Kg8 37. Qg2 Qd3 38. g5 Kh7 39. gxh6 Kxh6 40. e4 Qc4
41. Rxf7 1-0

[Event "4NCL Online Division 7"]
[Site "online"]
[Date "2021.01.26"]
[Round "1.152"]
[White "Franklin, Tony"]
[Black "Bird, Max"]
[Result "1-0"]
[WhiteElo "1266"]
[BlackElo "1592"]
[PlyCount "57"]
[EventDate "2021.01.26"]
[WhiteTeam "Farnham C"]
[BlackTeam "MHJ Bishops"]

1. Nf3 d5 2. g3 Nc6 3. Bg2 Nf6 4. O-O Bf5 5. d4 e6 6. a3 Bd6 7. Bg5 O-O 8. Nbd2
h6 9. Bxf6 Qxf6 10. e3 Rfe8 11. c4 Be7 12. c5 Rad8 13. Nh4 e5 14. Ndf3 e4 15.
Nxf5 Qxf5 16. Ne1 a6 17. b4 Bg5 18. h4 Be7 19. f4 Na7 20. Rc1 Nb5 21. g4 Qd7
22. h5 Nxa3 23. f5 Nc4 24. Nc2 Bg5 25. Qe2 c6 26. Qf2 Qe7 27. Rce1 Bh4 28. f6
gxf6 29. Qxh4 1-0

[Event "4NCL Online Division 7"]
[Site "online"]
[Date "2021.01.26"]
[Round "1.153"]
[White "Bevan, Andrei"]
[Black "Warnock, Oliver"]
[Result "0-1"]
[WhiteElo "1352"]
[BlackElo "1258"]
[PlyCount "98"]
[EventDate "2021.01.26"]
[WhiteTeam "MHJ Bishops"]
[BlackTeam "Farnham C"]

1. d4 d5 2. c4 e6 3. Nc3 Nf6 4. cxd5 exd5 5. Bg5 Be7 6. e3 O-O 7. Bd3 h6 8. Bh4
b6 9. Nge2 Bb7 10. O-O Nbd7 11. Qc2 Ne4 12. Bxe7 Qxe7 13. Nxe4 dxe4 14. Bb5 Nf6
15. Rac1 Rfc8 16. a3 c5 17. dxc5 Rxc5 18. Qb3 Bd5 19. Bc4 Rac8 20. Bxd5 Nxd5
21. Rxc5 Rxc5 22. Rc1 Rxc1+ 23. Nxc1 Qc5 24. Ne2 b5 25. Nc3 Nxc3 26. Qxc3 Qxc3
27. bxc3 f5 28. Kf1 Kf7 29. Ke2 Ke6 30. Kd2 Kd5 31. f3 g5 32. Kc2 exf3 33. gxf3
h5 34. Kd3 g4 35. e4+ fxe4+ 36. fxe4+ Ke5 37. Ke3 a5 38. Kf2 Kxe4 39. Kg3 Kf5
40. Kh4 Kg6 41. Kg3 Kg5 42. Kg2 h4 43. Kf2 Kf4 44. Kg2 Ke3 45. h3 g3 46. Kg1
Kf3 47. Kh1 Kf2 48. a4 g2+ 49. Kh2 g1=Q# 0-1

[Event "4NCL Online Division 7"]
[Site "online"]
[Date "2021.01.26"]
[Round "1.154"]
[White "Warren, Orla"]
[Black "Bhattacharya, Cali"]
[Result "0-1"]
[WhiteElo "1186"]
[BlackElo "1315"]
[PlyCount "68"]
[EventDate "2021.01.26"]
[WhiteTeam "Farnham C"]
[BlackTeam "MHJ Bishops"]

1. d4 d5 2. Bf4 Bf5 3. c4 e6 4. e3 h5 5. Qb3 b6 6. cxd5 exd5 7. Bb5+ Nd7 8. Nf3
Ngf6 9. Ne5 Bd6 10. Nxd7 Nxd7 11. Bxd6 cxd6 12. Nc3 Be6 13. Nxd5 O-O 14. e4 Qg5
15. O-O h4 16. Bxd7 Bxd7 17. h3 Be6 18. Rfe1 f5 19. e5 f4 20. f3 Bxh3 21. Re2
Be6 22. exd6 Bxd5 23. Qb5 h3 24. Rf1 Rf5 25. Rff2 Raf8 26. Re8 Qg3 27. Rd2 Rxe8
28. Qxe8+ Rf8 29. Qb5 Qe1+ 30. Kh2 Qxd2 31. Qxd5+ Kh8 32. Qh5+ Kg8 33. Qd5+ Rf7
34. d7 Qxg2# 0-1

[Event "4NCL Online Division 7"]
[Site "online"]
[Date "2021.01.26"]
[Round "1.161"]
[White "Oh, Julie"]
[Black "Wedge, David C"]
[Result "0-1"]
[WhiteElo "1503"]
[BlackElo "1896"]
[PlyCount "106"]
[EventDate "2021.01.26"]
[WhiteTeam "Barnet Knights D"]
[BlackTeam "Hebden Bridge 2"]

1. e4 d6 2. Nc3 g6 3. f4 Bg7 4. Nf3 Nf6 5. Bc4 O-O 6. h3 e6 7. Bb3 a6 8. O-O b5
9. d3 c5 10. a3 Nc6 11. Qe1 d5 12. e5 Nd7 13. Bd2 c4 14. Ba2 f6 15. d4 Nb6 16.
Ne2 Qe7 17. b4 cxb3 18. Bxb3 Nc4 19. Bxc4 dxc4 20. Bb4 Nxb4 21. Qxb4 Qxb4 22.
axb4 h6 23. c3 f5 24. Kh2 Bb7 25. g3 Ra7 26. Nh4 Kh7 27. Ng1 Rfa8 28. Ra5 Bf8
29. g4 Be7 30. Nhf3 Bd8 31. Raa1 a5 32. bxa5 Rxa5 33. Rab1 Be4 34. Rb2 Be7 35.
Nd2 Bd3 36. Rd1 Ba3 37. Ra2 b4 38. cxb4 Bxb4 39. Rxa5 Rxa5 40. Ngf3 Ra2 41. Kg1
Be2 42. Rb1 Bxd2 43. Nxd2 Rxd2 44. Rb7+ Kg8 45. Rb8+ Kf7 46. Rb7+ Ke8 47. Rb8+
Kd7 48. Rb7+ Kc6 49. Rg7 c3 50. Rxg6 c2 51. Rxe6+ Kb5 52. Rxh6 Bf3 53. e6 c1=Q#
0-1

[Event "4NCL Online Division 7"]
[Site "online"]
[Date "2021.01.26"]
[Round "1.162"]
[White "Leonard, Pete"]
[Black "Gardner, Kai"]
[Result "1-0"]
[WhiteElo "1874"]
[BlackElo "1374"]
[PlyCount "67"]
[EventDate "2021.01.26"]
[WhiteTeam "Hebden Bridge 2"]
[BlackTeam "Barnet Knights D"]

1. e4 d5 2. exd5 Nf6 3. Bb5+ c6 4. dxc6 Nxc6 5. Nf3 Bg4 6. h3 Bxf3 7. Qxf3 Qc7
8. O-O e5 9. Nc3 O-O-O 10. Bxc6 bxc6 11. d3 Be7 12. Be3 h5 13. Rab1 Rhg8 14.
Bg5 Qd6 15. Rfe1 g6 16. Bxf6 Bxf6 17. Ne4 Qe6 18. Qxf6 Qxf6 19. Nxf6 Rgf8 20.
Rxe5 Rd6 21. Ne4 Rd5 22. Rxd5 cxd5 23. Nc3 Rd8 24. b4 a6 25. a4 d4 26. Ne4 Rd5
27. Kf1 f5 28. Nd2 Kb7 29. b5 axb5 30. axb5 Kb6 31. Nc4+ Kb7 32. Re1 Kc8 33.
Nb6+ Kb7 34. Nxd5 1-0

[Event "4NCL Online Division 7"]
[Site "online"]
[Date "2021.01.26"]
[Round "1.163"]
[White "Rupf, Oscar"]
[Black "Blinkhorn, Joshua"]
[Result "0-1"]
[WhiteElo "1365"]
[BlackElo "1555"]
[PlyCount "48"]
[EventDate "2021.01.26"]
[WhiteTeam "Barnet Knights D"]
[BlackTeam "Hebden Bridge 2"]

1. e4 e5 2. Nf3 Nc6 3. d4 exd4 4. Nxd4 Nf6 5. Nxc6 bxc6 6. e5 Qe7 7. Qe2 Nd5 8.
b3 g6 9. Bb2 Bg7 10. Nc3 Qxe5 11. Qxe5+ Bxe5 12. Nxd5 Bxb2 13. Nxc7+ Kd8 14.
Rb1 Bc3+ 15. Kd1 Kxc7 16. Bc4 d5 17. Bd3 Re8 18. a4 a5 19. f4 Bg4+ 20. Kc1 Re7
21. Ra1 Rae8 22. Kb1 Re1+ 23. Rxe1 Rxe1+ 24. Ka2 Rxa1# 0-1

[Event "4NCL Online Division 7"]
[Site "online"]
[Date "2021.01.26"]
[Round "1.171"]
[White "Emelianova, Maria"]
[Black "Buckman, Cyrus"]
[Result "1-0"]
[WhiteElo "2113"]
[BlackElo "1353"]
[PlyCount "101"]
[EventDate "2021.01.26"]
[WhiteTeam "Battersea Cats"]
[BlackTeam "Streatham C"]

1. d4 Nf6 2. Nf3 g6 3. Bg5 Bg7 4. Nbd2 O-O 5. e4 d6 6. Be2 e5 7. dxe5 dxe5 8.
Nxe5 Re8 9. Nef3 Bg4 10. O-O Nc6 11. h3 Bxf3 12. Bxf3 Nd4 13. Re1 Nxf3+ 14.
Qxf3 h6 15. Bf4 Nh5 16. Rad1 Nxf4 17. Qxf4 g5 18. Qg3 Be5 19. Qb3 b6 20. Nf3
Qf6 21. Rd7 c6 22. Nxe5 Rxe5 23. Qd3 Ree8 24. Rd6 Re6 25. e5 Rxd6 26. exd6 Rd8
27. d7 c5 28. Re8+ Kg7 29. Rxd8 Qxd8 30. Qd6 h5 31. g4 h4 32. Kg2 Qa8+ 33. f3
Qd8 34. Kf2 f6 35. Ke3 Kf7 36. Ke4 Qa8+ 37. Qd5+ Qxd5+ 38. Kxd5 Ke7 39. d8=Q+
Kxd8 40. Ke6 c4 41. Kxf6 b5 42. Kxg5 a5 43. f4 b4 44. f5 a4 45. b3 axb3 46.
axb3 cxb3 47. cxb3 Ke7 48. Kg6 Kf8 49. f6 Kg8 50. f7+ Kf8 51. g5 1-0

[Event "4NCL Online Division 7"]
[Site "online"]
[Date "2021.01.26"]
[Round "1.172"]
[White "Isaacs, Ruairi"]
[Black "Valentine, Tim"]
[Result "0-1"]
[WhiteElo "1338"]
[BlackElo "1794"]
[PlyCount "124"]
[EventDate "2021.01.26"]
[WhiteTeam "Streatham C"]
[BlackTeam "Battersea Cats"]

1. e4 c5 2. Nc3 Nc6 3. Nf3 e6 4. Bb5 a6 5. Bxc6 bxc6 6. O-O d6 7. d3 Nf6 8. Bg5
Be7 9. e5 Nd5 10. Bxe7 Qxe7 11. Nxd5 cxd5 12. exd6 Qxd6 13. Qd2 O-O 14. Rad1
Rb8 15. b3 e5 16. Qe3 Re8 17. c4 d4 18. Qe2 Bg4 19. h3 Bh5 20. g4 Bg6 21. Rfe1
Rb7 22. Nh4 Rbe7 23. Nxg6 Qxg6 24. Qe4 Qd6 25. Rc1 a5 26. Re2 Qh6 27. Rce1 Qxh3
28. f3 Re6 29. Rh2 Qg3+ 30. Rg2 Qf4 31. Qxf4 exf4 32. Rxe6 Rxe6 33. g5 Re3 34.
Rg4 Rxf3 35. Kg2 Rg3+ 36. Rxg3 fxg3 37. Kxg3 f6 38. gxf6 gxf6 39. Kf4 h5 40.
Ke4 Kf7 41. Kf5 Ke7 42. Kf4 Ke6 43. Kg3 f5 44. a4 Kf6 45. Kf3 Kg5 46. Kg2 Kf4
47. Kh2 Ke5 48. Kg3 f4+ 49. Kh3 Kf5 50. Kh4 Kg6 51. Kh3 Kg5 52. Kh2 h4 53. b4
cxb4 54. c5 Kf5 55. Kh3 b3 56. c6 Ke6 57. Kxh4 b2 58. c7 Kd7 59. c8=Q+ Kxc8 60.
Kg4 b1=Q 61. Kxf4 Qxd3 62. Ke5 Qe3+ 0-1

[Event "4NCL Online Division 7"]
[Site "online"]
[Date "2021.01.26"]
[Round "1.173"]
[White "Barry, Steve"]
[Black "Orija, Olusegun"]
[Result "0-1"]
[WhiteElo "1742"]
[BlackElo "1400"]
[PlyCount "116"]
[EventDate "2021.01.26"]
[WhiteTeam "Battersea Cats"]
[BlackTeam "Streatham C"]

1. e4 c6 2. d4 d5 3. f3 e6 4. e5 Ne7 5. Bd3 Ng6 6. Be3 Be7 7. Qd2 Nd7 8. Ne2 c5
9. c3 c4 10. Bc2 b5 11. O-O O-O 12. f4 a5 13. f5 exf5 14. Bxf5 b4 15. cxb4 axb4
16. Nf4 Nxf4 17. Bxf4 Qb6 18. Qe3 Re8 19. Nd2 Nf8 20. Bc2 Bg4 21. h3 Bh5 22. g4
Bg6 23. Bxg6 hxg6 24. Bg3 Ne6 25. Nf3 Rac8 26. Be1 g5 27. Bd2 Nf4 28. Kh2 Qh6
29. Ne1 Qh4 30. Qf3 Qh6 31. Bxf4 gxf4 32. Qxf4 Qxf4+ 33. Rxf4 f6 34. Nf3 c3 35.
b3 c2 36. Rc1 Rc3 37. h4 Rec8 38. exf6 gxf6 39. Kg2 Rd3 40. Ne1 Rd1 41. Rxc2
Rxc2+ 42. Nxc2 Rd2+ 43. Rf2 Rd3 44. Re2 Kf7 45. Re3 Rd1 46. Re2 Bd8 47. Nxb4
Rxd4 48. Nc6 Rxg4+ 49. Kh3 Rg8 50. Nxd8+ Rxd8 51. Rd2 Kg6 52. Rg2+ Kf5 53. h5
d4 54. Kh4 d3 55. Rd2 Ke4 56. h6 Ke3 57. Rh2 d2 58. Rh3+ Kf4 0-1

[Event "4NCL Online Division 7"]
[Site "online"]
[Date "2021.01.26"]
[Round "1.174"]
[White "McNeil, Eric Dylan"]
[Black "Rebbeck, Christopher"]
[Result "0-1"]
[WhiteElo "1004"]
[BlackElo "1451"]
[PlyCount "60"]
[EventDate "2021.01.26"]
[WhiteTeam "Streatham C"]
[BlackTeam "Battersea Cats"]

1. c4 e5 2. Nc3 Nf6 3. g3 Bc5 4. Bg2 O-O 5. e3 c6 6. Nge2 d5 7. d4 exd4 8. exd4
Bb4 9. cxd5 Nxd5 10. O-O Bg4 11. Qb3 Qe7 12. Nxd5 cxd5 13. Nf4 Be6 14. Bxd5 Nc6
15. Nxe6 fxe6 16. Bxe6+ Kh8 17. Be3 Rf3 18. Rad1 Bd6 19. Bd5 Rf5 20. Bg2 h5 21.
Rfe1 Qc7 22. Qd3 Raf8 23. a3 h4 24. Be4 Qd7 25. Bxf5 Rxf5 26. g4 Rf3 27. Qe2
Qxg4+ 28. Kf1 Qh3+ 29. Kg1 Qxh2+ 30. Kf1 Qh1# 0-1

[Event "4NCL Online Division 7"]
[Site "online"]
[Date "2021.01.26"]
[Round "1.181"]
[White "Kapur, Gul"]
[Black "Sugden, Freddie"]
[Result "1-0"]
[WhiteElo "1466"]
[BlackElo "1863"]
[PlyCount "35"]
[EventDate "2021.01.26"]
[WhiteTeam "Enfield 2"]
[BlackTeam "Hackney Go Lucky"]

1. d4 Nf6 2. c4 e5 3. d5 Bc5 4. e3 d6 5. h3 O-O 6. Nc3 c6 7. Bd2 Bf5 8. g4 Bg6
9. Bg2 Qc7 10. h4 h5 11. gxh5 Bxh5 12. Bf3 Bxf3 13. Qxf3 Nbd7 14. h5 Nh7 15.
Nh3 cxd5 16. Nxd5 Qd8 17. Rg1 Nb6 18. Qg3 1-0

[Event "4NCL Online Division 7"]
[Site "online"]
[Date "2021.01.26"]
[Round "1.182"]
[White "Morgan, Marc"]
[Black "McWilliams, Mark"]
[Result "1-0"]
[WhiteElo "1632"]
[BlackElo "1380"]
[PlyCount "51"]
[EventDate "2021.01.26"]
[WhiteTeam "Hackney Go Lucky"]
[BlackTeam "Enfield 2"]

1. e4 e6 2. d4 d5 3. e5 c5 4. c3 Nc6 5. Nf3 Qb6 6. Na3 Bd7 7. Be2 cxd4 8. cxd4
Nge7 9. Nc2 Nf5 10. O-O h5 11. Rb1 Be7 12. Bf4 O-O-O 13. Qd3 Rdg8 14. Bd2 g5
15. Rfc1 Kb8 16. b4 g4 17. Nfe1 Ncxd4 18. Nxd4 Nxd4 19. Be3 Nxe2+ 20. Qxe2 Qb5
21. Nd3 Rc8 22. Bc5 Bxc5 23. bxc5 Qa6 24. Qb2 Qc6 25. Nb4 Qc7 26. Na6+ 1-0